UBT Library

Experimental methodology / (Record no. 44041)

000 -LEADER
fixed length control field 00564pam a2200217 a 4500
001 - CONTROL NUMBER
control field 479550
005 - DATE AND TIME OF LATEST TRANSACTION
control field 20180302071826.0
008 - FIXED-LENGTH DATA ELEMENTS--GENERAL INFORMATION
fixed length control field 840628s1985 maua b 001 0 eng
010 ## - LIBRARY OF CONGRESS CONTROL NUMBER
LC control number 84014548
020 ## - INTERNATIONAL STANDARD BOOK NUMBER
International Standard Book Number 0205082440 :
Terms of availability $20.00 (est.)
040 ## - CATALOGING SOURCE
Original cataloging agency DLC
Transcribing agency DLC
Modifying agency DLC
041 ## - LANGUAGE CODE
Language code of text/sound track or separate title eng
080 ## - UNIVERSAL DECIMAL CLASSIFICATION NUMBER
Universal Decimal Classification number 150.724
082 00 - DEWEY DECIMAL CLASSIFICATION NUMBER
Classification number 150.724 CHR
Edition number 19
100 1# - Rafti
Rafti 25
101 ## - Shkurtesa
Shkurtesa EDU
245 10 - TITLE STATEMENT
Title Experimental methodology /
Statement of responsibility, etc Larry B. Christensen.
504 ## - BIBLIOGRAPHY, ETC. NOTE
Bibliography, etc Bibliography: p. 339-351.
906 ## - LOCAL DATA ELEMENT F, LDF (RLIN)
a 7
b cbc
c orignew
d 1
e ocip
f 19
g y-gencatlg
942 ## - ADDED ENTRY ELEMENTS (KOHA)
Source of classification or shelving scheme
Item type Books
Holdings
Withdrawn status Lost status Source of classification or shelving scheme Damaged status Not for loan Collection code Permanent location Current location Shelving location Date acquired Total Checkouts Full call number Barcode Date last seen Price effective from Koha item type
          Koleksioni i përgjithshem UBT - Lipjan UBT - Lipjan Koleksioni i përgjithshem 03/02/2018   150.724 CHR 002-3000818 03/02/2018 03/02/2018 Books
UBT Library © 2015-2024. All rights reserved University Education for Business and Technology